Statistics for Whisky Regions of Scotland Map

Click here to take the quiz!

General Stats

  • This quiz has been taken 60 times
  • The average score is 4 of 6

Answer Stats

Answer % Correct
Highland
93%
Islay
88%
Lowland
81%
Island
79%
Speyside
77%
Campbeltown
30%

Score Distribution

Percentile by Number Answered

Percent of People with Each Score

Your Score History

You have not taken this quiz